It's easy to use electronic test equipment

Saved in:
Bibliographic Details
Main Author: Klein, Larry
Other Authors: Gilmore, Ken (joint author.)
Format: Book
Language:English
Published: New York, J. F. Rider [1962]
Series:Rider [publication] 308.
Subjects:
LEADER 00879nam a22002411 4500
001 c000312679
003 CARM
005 00000000000000.0
008 s1962 nyua 00010 eng
019 1 |a 643123  |5 LACONCORD2021 
035 |a (OCoLC)519676  |5 LACONCORD2021 
050 0 0 |a TK7870  |b .K546 
082 0 0 |a 621.3131 
100 1 0 |a Klein, Larry. 
245 1 0 |a It's easy to use electronic test equipment  |c [by] Larry Klein and Ken Gilmore. 
260 |a New York,  |b J. F. Rider  |c [1962] 
300 |a 186 p.  |b illus.  |c 22 cm. 
490 0 |a Rider [publication] 308. 
650 0 |a Electronic instruments. 
700 1 0 |a Gilmore, Ken,  |e joint author. 
852 8 |b CARM  |h A3:AB22A0  |i B10963  |p 0471232  |f BK 
999 f f |i b4e6c7a8-47ff-56b1-946d-95eae17b9739  |s 0ec3763d-50e7-58ef-834c-569bed346d0f 
952 f f |p Can circulate  |a CAVAL  |b CAVAL  |c CAVAL  |d CARM 1 Store  |e B10963  |f A3:AB22A0  |h Other scheme  |i book  |m 0471232